[Event "Medellin Sub zt 2.3.2"]
[Site "Medellin"]
[Date "2025.04.14"]
[Round "2"]
[White "Barrientos Chavarriaga, Sergio E"]
[Black "Salazar Grisales, Juan Jose"]
[Result "1-0"]
[WhiteElo "2421"]
[BlackElo "2019"]
[PlyCount "83"]
[EventDate "2025.04.14"]
[EventType "swiss"]
[EventRounds "9"]
[EventCountry "COL"]
[SourceTitle "CB18_2025"]
[SourceDate "2025.04.30"]
[SourceVersion "1"]
[SourceVersionDate "2025.04.30"]
[SourceQuality "1"]

1. d4 d5 2. c4 e6 3. Nc3 Nf6 4. cxd5 exd5 5. Bg5 Bb4 6. e3 h6 7. Bh4 g5 8. Bg3 Ne4 9. Qb3 Nc6 10. Bb5 Bd7 11. Nge2 Nxg3 12. hxg3 a6 13. Bd3 Be6 14. f4 f5 15. 0-0-0 Bxc3 16. Nxc3 b5 17. g4 fxg4 18. Bg6+ Kf8 19. e4 Kg7 20. exd5 Bg8 21. Be4 gxf4 22. Qc2 Na5 23. Ne2 Qd6 24. Qd2 Re8 25. Bd3 Nc4 26. Qxf4 Qxf4+ 27. Nxf4 Ne3 28. Nh5+ Kf7 29. Rde1 Bh7 30. Bxh7 Rxh7 31. b3 Rhh8 32. Nf4 Kf6 33. Kd2 Nf5 34. Ne6 Ng3 35. Nxc7 Rc8 36. Re6+ Kf5 37. Rc1 Rh7 38. Re5+ Kf6 39. Ne8+ Rxe8 40. Rxe8 Rd7 41. Rc6+ Kg5 42. Re5+ 1-0

[Event "Cienaga op"]
[Site "Cienaga"]
[Date "2024.12.16"]
[Round "2"]
[White "De Luque, Miguel Antonio"]
[Black "Barrientos Chavarriaga, Sergio E"]
[Result "0-1"]
[WhiteElo "1914"]
[BlackElo "2412"]
[PlyCount "66"]
[EventDate "2024.12.15"]
[EventType "swiss"]
[EventRounds "9"]
[EventCountry "COL"]
[SourceTitle "CB52_2024"]
[SourceDate "2024.12.25"]
[SourceVersion "1"]
[SourceVersionDate "2024.12.25"]
[SourceQuality "1"]

1. e4 c5 2. Nf3 Nc6 3. d4 cxd4 4. Nxd4 g6 5. c4 Bg7 6. Be3 Nf6 7. Nc3 d6 8. Be2 0-0 9. 0-0 Bd7 10. Qd2 Nxd4 11. Bxd4 Bc6 12. f3 a5 13. b3 Nd7 14. Be3 Nc5 15. Rac1 e6 16. Rfd1 Be5 17. Bf1 Qe7 18. Bh6 Rfd8 19. Bg5 f6 20. Be3 b6 21. Qc2 f5 22. exf5 gxf5 23. Qf2 f4 24. Bd4 Qg7 25. Ne2 Rf8 26. Bxe5 dxe5 27. Nc3 Rad8 28. Qe2 Rd4 29. Rd2 Bxf3 30. Qf2 Bxg2 31. Bxg2 f3 32. Rxd4 exd4 33. Nb5 Nd3 0-1

[Event "COL-ch Blitz"]
[Site "Bucaramanga"]
[Date "2024.10.27"]
[Round "6.1"]
[White "Gonzalez Lopez, Nicolas Mateo"]
[Black "Barrientos Chavarriaga, Sergio E"]
[Result "1/2-1/2"]
[WhiteElo "2099"]
[BlackElo "2393"]
[PlyCount "120"]
[EventDate "2024.10.27"]
[EventType "swiss (blitz)"]
[EventRounds "11"]
[EventCountry "COL"]
[SourceTitle "CB44_2024"]
[Source "Chessbase"]
[SourceDate "2024.10.30"]
[SourceVersion "1"]
[SourceVersionDate "2024.10.30"]
[SourceQuality "1"]

1. e4 c5 2. Nf3 e6 3. d4 cxd4 4. Nxd4 a6 5. c4 Nf6 6. Nc3 Bb4 7. Qd3 0-0 8. Be2 d5 9. cxd5 exd5 10. exd5 Nxd5 11. 0-0 Nxc3 12. bxc3 Bc5 13. Rd1 Qf6 14. Qf3 Nd7 15. Qxf6 Nxf6 16. Bf3 Bg4 17. Bxg4 Nxg4 18. Rb1 b5 19. h3 Nf6 20. Nb3 Bb6 21. c4 bxc4 22. Nd2 Rab8 23. Ba3 c3 24. Bxf8 c2 25. Ba3 Rd8 26. Rdc1 cxb1Q 27. Nxb1 h5 28. Nc3 Rd2 29. Nd1 Ne4 30. Rc8+ Kh7 31. Ne3 Rxf2 32. Nd5 Rxa2+ 33. Nxb6 Rxa3 34. Rc7 Kg6 35. Nc4 Rc3 36. Ne5+ Kf6 37. Nd7+ Kg6 38. Ne5+ Kf5 39. Rxc3 Nxc3 40. Nxf7 a5 41. Kf2 Ke4 42. Nd6+ Kd5 43. Nb7 a4 44. Ke3 Kc4 45. Kd2 Nd5 46. Nd6+ Kd4 47. Nf5+ Kc4 48. Nxg7 a3 49. Kc2 Nb4+ 50. Kb1 a2+ 51. Kb2 Nd3+ 52. Kxa2 Nf4 53. g4 hxg4 54. hxg4 Kd5 55. Nf5 Ke5 56. Ne3 Kf6 57. Kb3 Kg5 58. Kc4 Nh3 59. Kd4 Nf2 60. Ke5 Nxg4+ 1/2-1/2

[Event "COL-ch Blitz"]
[Site "Bucaramanga"]
[Date "2024.10.27"]
[Round "2.1"]
[White "Narvaez Ramirez, Faber Alberto"]
[Black "Barrientos Chavarriaga, Sergio E"]
[Result "0-1"]
[WhiteElo "1991"]
[BlackElo "2393"]
[PlyCount "68"]
[EventDate "2024.10.27"]
[EventType "swiss (blitz)"]
[EventRounds "11"]
[EventCountry "COL"]
[SourceTitle "CB44_2024"]
[Source "Chessbase"]
[SourceDate "2024.10.30"]
[SourceVersion "1"]
[SourceVersionDate "2024.10.30"]
[SourceQuality "1"]

1. e4 c5 2. Nf3 e6 3. d4 cxd4 4. Nxd4 a6 5. c4 Nf6 6. Bd3 Qc7 7. 0-0 d6 8. Nc3 b6 9. Qe2 Nbd7 10. b3 Bb7 11. Bb2 Be7 12. Rac1 0-0 13. Kh1 Rfe8 14. f4 Bf8 15. Nf3 Rac8 16. Qf2 Qc5 17. Qe1 Qh5 18. b4 d5 19. cxd5 exd5 20. e5 Bxb4 21. Qg3 Ng4 22. Nd4 Nh6 23. Nce2 Nc5 24. Bb1 Ne4 25. Bxe4 dxe4 26. Nc2 Bd2 27. Ne3 Bxc1 28. Nxc1 Nf5 29. Nxf5 Qxf5 30. e6 f6 31. Qb3 Qxe6 32. Qe3 Rc2 33. Bd4 Qc4 34. Nb3 Qxf1+ 0-1

[Event "Medellin Raza Antioquia"]
[Site "Medellin"]
[Date "2024.10.13"]
[Round "7"]
[White "Montilla Reyes, Jorcerys"]
[Black "Barrientos Chavarriaga, Sergio E"]
[Result "0-1"]
[WhiteElo "2127"]
[BlackElo "2412"]
[PlyCount "100"]
[EventDate "2024.10.10"]
[EventType "swiss"]
[EventRounds "9"]
[EventCountry "COL"]
[SourceTitle "CB43_2024"]
[Source "Chessbase"]
[SourceDate "2024.10.23"]
[SourceVersion "1"]
[SourceVersionDate "2024.10.23"]
[SourceQuality "1"]

1. d4 Nf6 2. c4 e6 3. Nc3 Bb4 4. e3 b6 5. Nge2 Bb7 6. a3 Be7 7. Nf4 d6 8. Bd3 Nbd7 9. 0-0 0-0 10. Qc2 c6 11. Rd1 Qc7 12. f3 Rfe8 13. d5 exd5 14. cxd5 c5 15. Bf5 a6 16. e4 Bf8 17. Be3 b5 18. Bf2 g6 19. Bh3 b4 20. Nce2 a5 21. Nd3 Qb6 22. Ng3 Ba6 23. f4 Qb7 24. Re1 Bg7 25. e5 Bxd3 26. Qxd3 dxe5 27. fxe5 Nxe5 28. Qc2 Nxd5 29. Ne4 Nf4 30. Re3 bxa3 31. Raxa3 Qd5 32. Qxc5 Nc4 33. Bd7 Nxe3 34. Qxd5 Nexd5 35. Bxe8 Rxe8 36. Nd6 Re6 37. Nc4 Rc6 38. b3 Bc3 39. h3 Nd3 40. Nxa5 Bxa5 41. Rxa5 Rc1+ 42. Kh2 Nxf2 43. Rxd5 Rb1 44. Kg3 Rb2 45. Rd4 f5 46. b4 Kf7 47. Rd7+ Ke6 48. Rxh7 Ne4+ 49. Kh2 f4 50. Kg1 Ng3 0-1

[Event "Medellin Castro Memorial op-A 31st"]
[Site "Medellin"]
[Date "2024.08.09"]
[Round "5"]
[White "Espinosa Veloz, Ermes"]
[Black "Barrientos Chavarriaga, Sergio E"]
[Result "1/2-1/2"]
[WhiteElo "2508"]
[BlackElo "2411"]
[PlyCount "40"]
[EventDate "2024.08.07"]
[EventType "swiss"]
[EventRounds "10"]
[EventCountry "COL"]
[SourceTitle "CBM 221 Extra"]
[Source "ChessBase"]
[SourceDate "2024.09.30"]
[SourceVersion "1"]
[SourceVersionDate "2024.09.30"]
[SourceQuality "1"]

1. e4 c5 2. Nf3 e6 3. d4 cxd4 4. Nxd4 a6 5. Bd3 Bc5 6. Nb3 Ba7 7. 0-0 Ne7 8. c4 Nbc6 9. Nc3 0-0 10. Qe2 d6 11. Be3 e5 12. Nd5 a5 13. Bxa7 Rxa7 14. Qe3 Be6 15. Rad1 a4 16. Nc1 Bxd5 17. exd5 Nd4 18. Ne2 Nxe2+ 19. Bxe2 Ra5 20. Bd3 Ra7 1/2-1/2

[Event "Medellin Castro Memorial op-A 31st"]
[Site "Medellin"]
[Date "2024.08.07"]
[Round "1"]
[White "Diaz Gonzalez, Ana Sofia"]
[Black "Barrientos Chavarriaga, Sergio E"]
[Result "0-1"]
[WhiteElo "1978"]
[BlackElo "2411"]
[PlyCount "48"]
[EventDate "2024.08.07"]
[EventType "swiss"]
[EventRounds "10"]
[EventCountry "COL"]
[SourceTitle "CBM 221 Extra"]
[Source "ChessBase"]
[SourceDate "2024.09.30"]
[SourceVersion "1"]
[SourceVersionDate "2024.09.30"]
[SourceQuality "1"]

1. e4 c6 2. d4 d5 3. exd5 cxd5 4. Bd3 Nc6 5. c3 Qc7 6. h3 Nf6 7. Nf3 g6 8. 0-0 Bf5 9. Re1 Bxd3 10. Qxd3 Bg7 11. Nbd2 0-0 12. Qe2 Rae8 13. Ne5 Nd7 14. Ndf3 f6 15. Ng4 e5 16. Qb5 e4 17. Qxd5+ Kh8 18. Nh4 f5 19. Nh6 Nf6 20. Qb3 f4 21. N6f5 gxf5 22. Nxf5 Nh5 23. Nxg7 Qxg7 24. Qb5 Rg8 0-1

[Event "American Continental Rapid 18th"]
[Site "Medellin"]
[Date "2024.06.01"]
[Round "1"]
[White "Negron Lizarazo, Juan Sebastian"]
[Black "Barrientos Chavarriaga, Sergio E"]
[Result "0-1"]
[WhiteElo "1854"]
[BlackElo "2414"]
[PlyCount "110"]
[EventDate "2024.06.01"]
[EventType "swiss (rapid)"]
[EventRounds "9"]
[EventCountry "COL"]
[SourceTitle "CBM 220 Extra"]
[Source "ChessBase"]
[SourceDate "2024.07.31"]
[SourceVersion "1"]
[SourceVersionDate "2024.07.31"]
[SourceQuality "1"]

1. e4 c5 2. Nf3 e6 3. d3 Nc6 4. Nc3 d5 5. exd5 exd5 6. g3 d4 7. Ne4 h6 8. Bg2 Nf6 9. Nxf6+ Qxf6 10. 0-0 Be7 11. Bf4 0-0 12. Re1 Bg4 13. Qd2 Bd6 14. Bxd6 Qxd6 15. h3 Be6 16. Re2 a5 17. a3 a4 18. Rae1 Ra6 19. Ne5 Nxe5 20. Rxe5 Rb6 21. c3 dxc3 22. Qxc3 Rc8 23. R5e3 Rb3 24. Qc2 Qd4 25. R1e2 c4 26. dxc4 Rxc4 27. Qd2 Qxd2 28. Rxd2 Rc1+ 29. Kh2 Rxe3 30. fxe3 b5 31. Be4 g5 32. Kg2 Kg7 33. g4 Bc4 34. Bf5 Kf6 35. Rc2 Rd1 36. Rf2 Ke5 37. Bc2 Re1 38. Rf5+ Kd6 39. e4 Be6 40. Rf2 Bc4 41. Rf5 Re3 42. Rf3 Rxf3 43. Kxf3 Ke5 44. Ke3 f6 45. Bd3 Bxd3 46. Kxd3 Kf4 47. Kd4 Kg3 48. Kd5 Kf3 49. Kd4 Kf4 50. Kd3 Kg3 51. Ke3 Kxh3 52. Kf3 Kh4 53. Ke3 Kxg4 54. Kd4 Kf4 55. Kc5 g4 0-1

[Event "American Continental 18th"]
[Site "Medellin"]
[Date "2024.05.31"]
[Round "10"]
[White "Vasquez Toledo, Cristian"]
[Black "Barrientos Chavarriaga, Sergio E"]
[Result "1/2-1/2"]
[WhiteElo "2274"]
[BlackElo "2425"]
[PlyCount "75"]
[EventDate "2024.05.24"]
[EventType "swiss"]
[EventRounds "11"]
[EventCountry "COL"]
[SourceTitle "CBM 220 Extra"]
[Source "ChessBase"]
[SourceDate "2024.07.31"]
[SourceVersion "1"]
[SourceVersionDate "2024.07.31"]
[SourceQuality "1"]

1. e4 c5 2. Nf3 e6 3. d4 cxd4 4. Nxd4 Nc6 5. Nc3 Qc7 6. Be2 a6 7. Nxc6 bxc6 8. Qd3 Nf6 9. Qg3 Qxg3 10. hxg3 d5 11. g4 Rb8 12. g5 Nd7 13. f4 Be7 14. e5 c5 15. Kf2 Bb7 16. Bf3 0-0 17. Bd2 d4 18. Ne4 f5 19. exf6 gxf6 20. Rh6 fxg5 21. Rah1 g4 22. Bxg4 Bxe4 23. Bxe6+ Rf7 24. Bxd7 Rxb2 25. Be6 Rxc2 26. Ke2 c4 27. f5 Bxf5 28. Bxf7+ Kxf7 29. Rf1 c3 30. Rxf5+ Kg7 31. Rc6 Rxd2+ 32. Kf3 c2 33. Ke4 d3 34. Rc7 Kg6 35. Rc6+ Kg7 36. Rc7 Kg6 37. Rc6+ Kg7 38. Kf3 1/2-1/2

[Event "American Continental Blitz 18th"]
[Site "Medellin"]
[Date "2024.05.29"]
[Round "2"]
[White "Barrientos Chavarriaga, Sergio E"]
[Black "Chavez Duero, Brayan Steven"]
[Result "1-0"]
[WhiteElo "2425"]
[BlackElo "2042"]
[PlyCount "89"]
[EventDate "2024.05.29"]
[EventType "swiss (blitz)"]
[EventRounds "9"]
[EventCountry "COL"]
[SourceTitle "CBM 220 Extra"]
[Source "ChessBase"]
[SourceDate "2024.07.31"]
[SourceVersion "1"]
[SourceVersionDate "2024.07.31"]
[SourceQuality "1"]

1. d4 Nf6 2. c4 c5 3. Nf3 cxd4 4. Nxd4 Nc6 5. Nc3 g6 6. e4 d6 7. Nc2 Bg7 8. Be2 0-0 9. 0-0 a5 10. Na3 Nd7 11. Bd2 Nc5 12. Nab5 Bd7 13. Be3 Ne5 14. f4 Bxb5 15. cxb5 Ned7 16. Bf3 Nb6 17. Qe2 Nba4 18. Nxa4 Nxa4 19. e5 dxe5 20. Bxb7 exf4 21. Rxf4 Rb8 22. Rd1 Qc7 23. Bc6 Nxb2 24. Rd7 Qe5 25. Re4 Qf5 26. g4 Qf6 27. Bd4 Qg5 28. Bxg7 Kxg7 29. Qxb2+ Kg8 30. Qd2 Qc5+ 31. Kg2 e6 32. a4 Qb6 33. Qd4 Rfc8 34. Qxb6 Rxb6 35. Rc4 Kf8 36. Ra7 Rd8 37. Rxa5 Rd2+ 38. Kg3 Kg7 39. Ra7 Rb8 40. Rd7 Ra2 41. Rf4 Rf8 42. b6 e5 43. Rfxf7+ Rxf7 44. Rxf7+ Kxf7 45. Bd5+ 1-0

[Event "American Continental Blitz 18th"]
[Site "Medellin"]
[Date "2024.05.29"]
[Round "4"]
[White "Barrientos Chavarriaga, Sergio E"]
[Black "Santos Flores, Alberto Javier"]
[Result "0-1"]
[WhiteElo "2425"]
[BlackElo "2191"]
[PlyCount "58"]
[EventDate "2024.05.29"]
[EventType "swiss (blitz)"]
[EventRounds "9"]
[EventCountry "COL"]
[SourceTitle "CBM 220 Extra"]
[Source "ChessBase"]
[SourceDate "2024.07.31"]
[SourceVersion "1"]
[SourceVersionDate "2024.07.31"]
[SourceQuality "1"]

1. d4 d5 2. c4 c6 3. Nf3 Nf6 4. Nc3 dxc4 5. e4 b5 6. Be2 e6 7. 0-0 Bb7 8. Rb1 a6 9. b3 cxb3 10. Rxb3 Be7 11. e5 Nd5 12. Ne4 Nd7 13. Bg5 0-0 14. Qc1 c5 15. dxc5 Rc8 16. Nd6 Rxc5 17. Qd2 Ba8 18. Ne4 Rc8 19. Bd3 Nc5 20. Nxc5 Rxc5 21. Bxe7 Nxe7 22. Bxh7+ Kxh7 23. Rd3 Rd5 24. Ng5+ Kg8 25. Qf4 Ng6 26. Qg4 Rxd3 27. Qh5 Re8 28. f4 Qd4+ 29. Kh1 Rd2 0-1

[Event "American Continental 18th"]
[Site "Medellin"]
[Date "2024.05.29"]
[Round "8"]
[White "Ynojosa Aponte, Felix Jose"]
[Black "Barrientos Chavarriaga, Sergio E"]
[Result "1-0"]
[WhiteElo "2377"]
[BlackElo "2425"]
[PlyCount "69"]
[EventDate "2024.05.24"]
[EventType "swiss"]
[EventRounds "11"]
[EventCountry "COL"]
[SourceTitle "CBM 220 Extra"]
[Source "ChessBase"]
[SourceDate "2024.07.31"]
[SourceVersion "1"]
[SourceVersionDate "2024.07.31"]
[SourceQuality "1"]

1. c4 c6 2. Nf3 Nf6 3. b3 d5 4. Bb2 Bf5 5. e3 Nbd7 6. Be2 e6 7. Nh4 Bg6 8. Nc3 Bd6 9. Rc1 Qe7 10. h3 a6 11. 0-0 0-0 12. Nxg6 hxg6 13. d4 Rad8 14. Qc2 Rfe8 15. Rcd1 Ba3 16. Ba1 Bb4 17. Bf3 Rc8 18. e4 dxc4 19. bxc4 e5 20. d5 Qc5 21. Na4 Qa5 22. Bg4 Red8 23. Bxd7 Rxd7 24. a3 Bxa3 25. Bc3 Qc7 26. Qb3 cxd5 27. Qxa3 d4 28. Ba1 Qa5 29. c5 Nxe4 30. Rc1 Rdc7 31. Qd3 Nxc5 32. Nxc5 Rxc5 33. Rxc5 Qxc5 34. f4 exf4 35. Rxf4 1-0

[Event "American Continental 18th"]
[Site "Medellin"]
[Date "2024.05.24"]
[Round "1"]
[White "Barrientos Chavarriaga, Sergio E"]
[Black "Rueda Ahumada, Gabriel Omar"]
[Result "1-0"]
[WhiteElo "2425"]
[BlackElo "1866"]
[PlyCount "61"]
[EventDate "2024.05.24"]
[EventType "swiss"]
[EventRounds "11"]
[EventCountry "COL"]
[SourceTitle "CBM 220 Extra"]
[Source "ChessBase"]
[SourceDate "2024.07.31"]
[SourceVersion "1"]
[SourceVersionDate "2024.07.31"]
[SourceQuality "1"]

1. d4 d5 2. c4 e6 3. Nc3 c6 4. e4 dxe4 5. Nxe4 Bb4+ 6. Nc3 Nf6 7. a3 Be7 8. Nf3 0-0 9. Bd3 Nbd7 10. 0-0 c5 11. dxc5 Nxc5 12. Bc2 b6 13. b4 Ncd7 14. Bf4 Ba6 15. Qe2 Nh5 16. Be3 Qc7 17. Nb5 Bxb5 18. cxb5 Nf4 19. Qd2 Nd5 20. Rac1 Qb7 21. Nd4 Nxe3 22. Qxe3 Nf6 23. Nc6 Bd6 24. g3 a6 25. Rfd1 Nd5 26. Qd3 g6 27. Bb3 axb5 28. Bxd5 exd5 29. Qxd5 Be7 30. Re1 Rfe8 31. Rxe7 1-0